00902nam a2200217 i 4500001000700000003000900007005001700016007000300033008004100036100004700077245013300124250001300257260003900270300002400309505011000333650004200443700003000485852002400515999001900539952012600558150935ES-MaACL20230906203752.0t|071120q18951899fr ||||1| fre d1 aDarmesteter, Arsène (d1846-1888)94273510aCours de grammaire historique de la langue française / cArsène Darmesteter ; publiée par les soins de M. Léopold Sudre. a4e éd. aParis : bCh. Delagrave, c[189-?] av. <2-4> ; c19 cm.8 aContiene: 2ª parte : Morphologie - 3ª parte : Formation des mots et vie des mots. - 4º parte : Syntaxe04aLengua francesa-xGramática.9142201 aSudre, Léopold.9108721 aES-MaACLjB-4274-76 c150935d150935 001040708LIBXIXaATENEOMbATENEOMcSPBd2008-01-17eSCl0oB-4274-76p1157499r2023-02-23 00:00:00w2023-02-23yMONANT